Intervenors Intervened: Farmers, Multinationals and the State in the Atlantic Zone of Costa Rica /

Se presenta de forma clara y sencilla cuáles son los primeros pasos del proceso de intervención. Se analiza la zona atlántica de Costa Rica y el papel que han desarrollado allí las empresas multinacionales, sobre todo las relacionadas con productos de exportación como el banano y la palma africana,...

Celý popis

Uloženo v:
Podrobná bibliografie
Hlavní autor: Verschoor, Gerard
Médium: Text
Témata:
Tagy: Přidat tag
Žádné tagy, Buďte první, kdo vytvoří štítek k tomuto záznamu!

MARC

LEADER 00000 a a2200000 04500
001 16237
003
040
100 |a Verschoor, Gerard  
245 |a Intervenors Intervened:   |b Farmers, Multinationals and the State in the Atlantic Zone of Costa Rica /  |c Gerard Verschoor 
520 |a Se presenta de forma clara y sencilla cuáles son los primeros pasos del proceso de intervención. Se analiza la zona atlántica de Costa Rica y el papel que han desarrollado allí las empresas multinacionales, sobre todo las relacionadas con productos de exportación como el banano y la palma africana, así como el rol jugado por el Estado costarricense en ese proceso   |a se destaca que el Estado históricamente ha facilitado a las empresas transnacionales sus objetivos otorgándoles todo tipo de facilidades. El trabajo ahonda en la intervención que comenzó a darse a mediados de los ochentas (1986), durante la administración de Oscar Arias Sánchez, momentos en que Costa Rica atravesaba quizás el período más grave de la crisis ya que se estaba en pleno cambio del modelo de desarrollo y se impulsaba las exportaciones no tradicionales como posible salida a la difícil situació 
650 |a POBREZA  
650 |a USO DE LA TIERRA  
650 |a TENENCIA DE LA TIERRA  
773 |g número 57; páginas 69-87  
999 |c 35172  |d 35172